Sports Quiz

Random Sports Quiz

Top 3 tennis players of various countrie Quiz Stats

 Plays Quiz not verified by Sporcle

Challenge
Share
Tweet
Embed
Score 0/60 Timer 12:00
0 Plays Today
% Correct
Rogerer Federer
99.2%
Rafael Nadal
98.5%
Andy Murray
95.5%
Novak Djokovic
94%
Andy Roddick
93.6%
Juan Martin Del Potro
88.3%
Lleyton Hewitt
82.3%
Jo-Wilfried Tsonga
81.6%
Nikolay Davydenko
80.8%
Stanislas Wawrinka
80.1%
Gael Monfils
80.1%
Robin Soderling
78.9%
Fernando Verdasco
74.1%
Marin Cilic
74.1%
Fernando Gonzalez
72.6%
John Isner
70.7%
Tommy Haas
65.8%
Tomas Berdych
65.4%
Gilles Simon
64.7%
Janko Tipsarevic
62.4%
Sam Querrey
62%
Juan Carlos Ferrero
61.7%
Mikhail Youzhny
59%
Radek Stepanek
57.1%
Viktor Troicki
56.4%
Jürgen Melzer
56.4%
Ivan Ljubicic
56%
Ivo Karlovic
52.6%
Philipp Kohlschreiber
52.3%
Andreas Seppi
50.4%
% Correct
Dudi Sela
48.5%
Thomaz Bellucci
47%
Juan Monaco
46.6%
Xavier Malisse
45.5%
Olivier Rochus
42.9%
Karol Beck
39.5%
Fabio Fognini
39.1%
Potito Starace
39.1%
Nicolas Massu
37.6%
James Ward
35.3%
Alex Bogdanovic
35%
Igor Andreev
33.8%
Marco Chiudinelli
30.1%
Benjamin Becker
28.9%
Steve Darcis
27.4%
Ricardo Mello
19.9%
Dominik Hrbaty
19.5%
Paul Capdeville
19.2%
Harel Levy
17.3%
Lukas Lacko
16.9%
Horacio Zeballos
16.5%
Stefan Koubek
14.3%
Andreas Vinciguerra
13.9%
Jan Hajek
13.2%
Peter Luczak
13.2%
Carsten Ball
10.5%
Daniel Köllerer
10.2%
Marcos Daniel
9.4%
Noam Okun
8.3%
Filip Prpic
6.8%

You're not logged in!

Compare scores with friends on all Sporcle quizzes.
Join for Free
OR
Log In

You Might Also Like...

Show Comments

Extras

Created Mar 11, 2010SourceReportNominate

Top Quizzes Today


Score Distribution

Your Account Isn't Verified!

In order to create a playlist on Sporcle, you need to verify the email address you used during registration. Go to your Sporcle Settings to finish the process.

Report this User

Report this user for behavior that violates our Community Guidelines.

Details: